Statistics for 50k+ U.S. Cities in 1950

Click here to take the quiz!

General Stats

  • This quiz has been taken 54 times
    (25 since last reset)
  • The average score is 161 of 231

Answer Stats

STAnswerPop.% Correct
GAAtlanta331,314
100%
TXAustin132,459
100%
MDBaltimore949,708
100%
LABaton Rouge125,629
100%
MABoston801,444
100%
NYBuffalo580,132
100%
ILChicago3,620,962
100%
OHCincinnati503,998
100%
OHCleveland914,808
100%
SCColumbia86,914
100%
GAColumbus79,611
100%
OHColumbus375,901
100%
TXDallas434,462
100%
CODenver415,786
100%
MIDetroit1,849,568
100%
TXEl Paso130,485
100%
TXFort Worth278,778
100%
CAFresno91,669
100%
INIndianapolis427,173
100%
NJJersey City299,017
100%
MOKansas City456,622
100%
KSKansas City129,553
100%
CALos Angeles1,970,358
100%
KYLouisville369,129
100%
WIMilwaukee637,392
100%
MNMinneapolis521,718
100%
LANew Orleans570,445
100%
NYNew York City7,891,957
100%
PAPhiladelphia2,071,605
100%
PAPittsburgh676,806
100%
ORPortland373,628
100%
MEPortland77,634
100%
RIProvidence248,674
100%
CARichmond99,545
100%
VARichmond230,310
100%
UTSalt Lake City182,121
100%
TXSan Antonio408,442
100%
CASan Diego334,387
100%
CASan Francisco775,357
100%
WASeattle467,591
100%
MOSt. Louis856,796
100%
OHToledo303,616
100%
DCWashington802,178
100%
KSWichita168,279
100%
OHAkron274,605
91%
NYAlbany134,995
91%
NMAlbuquerque96,815
91%
TXAmarillo74,246
91%
ALBirmingham326,037
91%
MACambridge120,740
91%
WVCharleston73,501
91%
SCCharleston70,174
91%
TXCorpus Christi108,287
91%
OHDayton243,872
91%
IADes Moines177,965
91%
MIGrand Rapids176,515
91%
CTHartford177,397
91%
TXHouston596,163
91%
MIJackson51,088
91%
MSJackson98,271
91%
FLJacksonville204,517
91%
NELincoln98,884
91%
TXLubbock71,747
91%
WIMadison96,056
91%
TNMemphis396,000
91%
FLMiami249,276
91%
ALMontgomery106,525
91%
TNNashville174,307
91%
NJNewark438,776
91%
VANorfolk213,513
91%
CAOakland384,575
91%
OKOklahoma City243,504
91%
NEOmaha251,117
91%
AZPhoenix106,818
91%
CASacramento137,572
91%
CASan Jose95,280
91%
GASavannah119,638
91%
LAShreveport127,207
91%
WASpokane161,721
91%
MASpringfield162,399
91%
OHSpringfield78,508
91%
MOSpringfield66,731
91%
ILSpringfield81,628
91%
MNSt. Paul311,349
91%
FLSt. Petersburg96,738
91%
NYSyracuse220,583
91%
FLTampa124,681
91%
OKTulsa182,740
91%
TXWichita Falls68,042
91%
NCWinston-Salem87,811
91%
IACedar Rapids72,296
82%
NCCharlotte134,042
82%
TNChattanooga131,041
82%
MNDuluth104,511
82%
NCDurham71,311
82%
NJElizabeth112,817
82%
PAErie130,803
82%
INFort Wayne133,607
82%
INGary133,911
82%
PAHarrisburg89,544
82%
TXLaredo51,910
82%
KYLexington55,534
82%
ARLittle Rock102,213
82%
ALMobile129,009
82%
NJPaterson139,336
82%
NCRaleigh65,679
82%
VARoanoke91,921
82%
NYRochester332,488
82%
PAScranton125,536
82%
WATacoma143,673
82%
NJTrenton128,009
82%
NYUtica101,531
82%
DEWilmington110,356
82%
MAWorcester203,486
82%
NYYonkers152,798
82%
OHYoungstown168,330
82%
GAAugusta71,508
73%
ILAurora50,576
73%
CTBridgeport158,709
73%
NJCamden124,555
73%
INEvansville128,636
73%
MAFall River111,963
73%
MIFlint163,143
73%
INHammond87,595
73%
TNKnoxville124,769
73%
MILansing92,129
73%
CALong Beach250,767
73%
MALowell97,249
73%
MALynn99,738
73%
NHManchester82,732
73%
CTNew Haven164,448
73%
FLOrlando52,367
73%
VAPortsmouth80,039
73%
PAReading109,320
73%
ILRockford92,927
73%
INSouth Bend115,911
73%
CAStockton70,853
73%
KSTopeka78,791
73%
CTWaterbury104,477
73%
VAAlexandria61,787
64%
PAAllentown106,756
64%
TXBeaumont94,014
64%
CABerkeley113,805
64%
NYBinghamton80,674
64%
RICranston55,060
64%
IADavenport74,549
64%
NCGreensboro74,389
64%
WVHuntington86,353
64%
MIKalamazoo57,704
64%
NYMount Vernon71,899
64%
NYNiagara Falls90,872
64%
COPueblo63,685
64%
MISaginaw92,918
64%
CASan Bernardino63,058
64%
NYSchenectady91,785
64%
IASioux City83,991
64%
INTerre Haute64,214
64%
TXWaco84,706
64%
PAWilkes-Barre76,826
64%
NJAtlantic City61,657
55%
PABethlehem66,340
55%
MABrockton62,860
55%
OHCanton116,912
55%
MIDearborn94,994
55%
TXGalveston66,568
55%
CAGlendale95,702
55%
WIGreen Bay52,735
55%
ILJoliet51,601
55%
WIKenosha54,368
55%
PALancaster63,774
55%
OHLorain51,202
55%
GAMacon70,252
55%
INMuncie58,479
55%
MANew Bedford109,189
55%
NYNew Rochelle59,725
55%
CAPasadena104,577
55%
RIPawtucket81,436
55%
ILPeoria111,856
55%
WIRacine71,193
55%
ILCicero67,544
45%
SCGreenville58,161
45%
MALawrence80,536
45%
MANewton81,994
45%
NJPassaic57,702
45%
SDSioux Falls52,696
45%
MASomerville102,351
45%
CTStamford74,293
45%
NYTroy72,311
45%
PAYork59,953
45%
PAAltoona77,177
36%
NCAsheville53,000
36%
CABurbank78,577
36%
NJClifton64,511
36%
ILDecatur66,269
36%
NJHoboken50,676
36%
CTNew Britain73,726
36%
UTOgden57,112
36%
MAQuincy83,835
36%
MOSt. Joseph78,588
36%
NJUnion City55,537
36%
IAWaterloo65,198
36%
WVWheeling58,891
36%
PAChester66,089
27%
KYCovington64,452
27%
ILEast St. Louis82,295
27%
ILEvanston73,641
27%
OHHamilton57,951
27%
MAPittsfield53,348
27%
MIPontiac73,681
27%
TXPort Arthur57,530
27%
TXSan Angelo52,093
27%
CASanta Monica71,595
27%
RIWoonsocket50,211
27%
MIBay City52,523
18%
MAHolyoke54,661
18%
PAJohnstown63,232
18%
CAAlameda64,430
9%
CAAlhambra51,359
9%
NJBayonne77,203
9%
OHCleveland Heights59,141
9%
OHLakewood68,071
9%
OHLima50,246
9%
MAMalden59,804
9%
PAMcKeesport51,502
9%
MAMedford66,113
9%
ILBerwyn51,280
0%
INEast Chicago54,263
0%
NJEast Orange79,340
0%
ALGadsden55,725
0%
ILOak Park63,529
0%
CASouth Gate51,116
0%

Score Distribution

Percentile by Number Answered

Percent of People with Each Score

Your Score History

You have not taken this quiz since the last reset